Democracia y cambio de los medios en América Latina /
Shranjeno v:
| Glavni avtor: | |
|---|---|
| Format: | Texto |
| Teme: | |
| Oznake: |
Označite
Brez oznak, prvi označite!
|
MARC
| LEADER | 00000 a a2200000 04500 | ||
|---|---|---|---|
| 001 | 12386 | ||
| 003 | |||
| 040 | |||
| 100 | |a Schulz, Markus | ||
| 245 | |a Democracia y cambio de los medios en América Latina / |c Markus Schulz | ||
| 650 | |a INTERNET | ||
| 650 | |a DEMOCRACIA | ||
| 650 | |a MEDIOS DE COMUNICACION DE MASAS | ||
| 650 | |a ACCESO A LA INFORMACION | ||
| 650 | |a USUARIOS DE LA INFORMACION | ||
| 650 | |a INTERNET | ||
| 773 | |g volumen 10, número 18; páginas 9-28 | ||
| 999 | |c 37742 |d 37742 | ||
